One Piece - Lettre I - Statistiques

Statistiques générales
  • Ce quiz a été pris 82 fois
    79 depuis la dernière actualisation
  • Le résultat moyen est 9 sur 15
Statistiques - réponses
Indice Réponse % Correct
Prison sous - marine situé dans Calm Belt Impel Down
100%
Roi du monde, seul personne s'étant assis sur le trône vacant Imu
99%
Commandant de l'armée révolutionnaire très extravagant Ivankov
97%
Fruit du démon qui a été mangé par Absalom, puis par Shiliew Invisibilité
90%
Maire de Water 7 et charpentier d'exception Icebarg
85%
Pouvoir pouvant être offert par l'arcane du fruit du Bistouri à un être vivant Immortalité
81%
Samouraï de Wano et pirate s'étant sacrifié à Onigashima Izo
67%
Technique du Cipher Pol permettant de transpercer quelqu'un avec son doigt Index Gun
54%
Commandant de la 4e Flotte de la Grande Flotte du Chapeau de Paille Idéo
49%
Technique du Cipher Pol permettant de se déplacer très vite Incision
49%
Surnom de King dans l'équipage aux cent bêtes Incendie
42%
Technique de la jambe noire, qui enflamme ça jambe d'un feu bleu Ifrit
27%
Élément central du monde de One Piece, souvent contrôlé par le Gouvernement Mondial Information
22%
propriétaire d'une boutique d'armes à Loguetown, il a donné 2 sabres maudit à Zoro Ippon Matsu
21%
Rang spécial dans la marine qui enquête sur la corruption en interne Inspecteur Général
1%
Aucun quiz correspondant
Distribution des résultats
% des personnes avec chaque résultat
Percentile par nombre de réponses
Votre historique - résultats
Vous n’avez pas pris ce quiz depuis la dernière actualisation